LEADER 01028nam a2200229 i 4500 001 000000182674 003 CaOOAMICUS 005 20091028000000.0 008 091028s1935 it u000 u ita u 013 $a160635 040 $aSeMil$bita 245 10$aMonsignor Versiglia e don Caravaro :$btestimonianze sull'eccidio di Lai Thau Tosei /$craccolte da d. Guido Bosio. 260 $aTorino :$bSocietà Editrice Internazionale,$c1935. 300 $a200 p. ;$c20 cm. 490 0 $aMissionari saveriani ;$v2 650 4$aSaveriani.$0(OLS)http://semarc/subject/1675 700 1 $aBosio, Guido.$0(OLS)http://semarc/name/838 830 0$aMissionari saveriani ;$v2.$0(OLS)http://semarc/title/29722 850 $aSeMil 852 $aSeMil$W1$xVenegono$y1$m3E I 128$j133378$B133378$CSeMilBibl$Z2$F145105 $81 996 $6245$aMonsignor Versiglia e don Caravaro :$btestimonianze sull'eccidio di Lai Thau Tosei$9(OLS)http://semarc/title/262085 996 $6260$aTorino :$bSocietà Editrice Internazionale$9(OLS)http://semarc/publisher/29847 LEADER 01075nam a2200253 i 4500 001 000000079849 003 CaOOAMICUS 005 20170410000000.0 008 170410s1970 it u000 u ita u 013 $a52087 040 $aSeMil$bita 100 1 $aTilmann, Klemens.$0(OLS)http://semarc/name/1085 240 10$aStaunen und Erfahren als Wege zu Gott.$0(OLS)http://semarc/title/403689 245 10$aStupore ed esperienza vie a Dio /$cKlemens Tilmann. 260 $aRoma :$bPaoline,$c1970. 300 $a170 p. ;$c18 cm. 490 0 $aPsychologica : collana universale di psicologia e pedagogia ;$v21 650 4$aReligione.$0(OLS)http://semarc/subject/3159 830 0$aPsychologica : collana universale di psicologia e pedagogia ;$v21.$0(OLS)http://semarc/title/417 850 $aSeMil 852 $aSeMil$W1$xVenegono$y1$m3F I 460$j45475$B45475$CSeMilBibl$Z2$F47446 $81 961 $aRecupero: Seminario di Seveso 996 $6245$aStupore ed esperienza vie a Dio$9(OLS)http://semarc/title/403688 996 $6260$aRoma :$bPaoline$9(OLS)http://semarc/publisher/29686